Lyonské signály světové ekonomice Na konci června jednali prezidenti a premiéři skupiny G7

Summit vyspelých krajín sveta G7 v Lyone v júni 1996. Globalizácia, jej prínosy a nedostatky. Rozpory medzi bohatými na jednej, a chudobnými krajinami na druhej strane. Základné predpoklady zdravej svetovej ekonomiky. Potreba vyriešenia problémov v jednotlivých národných ekonomikách. Iniciatíva Nové...

Descripción completa

Guardado en:
Detalles Bibliográficos
Autor principal: Žižka, J.
Formato: Capítulo de libro
Lenguaje:checo
Materias:
Etiquetas: Agregar Etiqueta
Sin Etiquetas, Sea el primero en etiquetar este registro!

MARC

LEADER 00000naa a2200000 4500
001 r021567
005 20230920092007.2
041 0 |a cze 
044 |a CZ 
245 1 0 |a Lyonské signály světové ekonomice  |b Na konci června jednali prezidenti a premiéři skupiny G7  |c J. Žižka 
520 |a Summit vyspelých krajín sveta G7 v Lyone v júni 1996. Globalizácia, jej prínosy a nedostatky. Rozpory medzi bohatými na jednej, a chudobnými krajinami na druhej strane. Základné predpoklady zdravej svetovej ekonomiky. Potreba vyriešenia problémov v jednotlivých národných ekonomikách. Iniciatíva Nového partnerstva pre rozvoj, podstata projektu - dialóg medzi bohatými a chudobnými krajinami a medzinárodnými organizáciami. Problematika meny, svetového obchodu. Názory odborárov, ekologických aktivistov a členov ľavicových skupín na lyonský summit. 
610 2 0 |a hospodárstvo svetové 
610 2 0 |a G-7 
610 2 0 |a summity 
610 2 0 |a Lyon 
610 2 0 |a 1996 
610 2 0 |a globalizácia hospodárstva 
610 2 0 |a blahobyt 
610 2 0 |a chudoba 
610 2 0 |a mena 
610 2 0 |a obchod svetový 
610 2 0 |a vývoj hospodársky 
100 1 |a Žižka, J.